000 00493nam a22001817a 4500
005 20170120151125.0
010 _aENG-117127
020 _a9789386050571
_c350.00
035 _aEN-100659
037 _bDBAD/PUB
082 _aS
100 _aKire,Easterine
245 _aSon of the thundercloud /
_cby Easterine Kire
260 _aNew Delhi
_bSpeaking Tiger
_c2016
270 _a4381/4, Ansari Road,Daryaganj,
_bNew Delhi
_e110002
300 _a149p.
_c20cm(Hb)
942 _2ddc
_cEN
_hS
_mKIR
999 _c105926
_d105926